| 000 -LEADER |
| fixed length control field |
00281nam a2200109Ia 4500 |
| 008 - FIXED-LENGTH DATA ELEMENTS--GENERAL INFORMATION |
| fixed length control field |
201217s9999 xx 000 0 und d |
| 100 ## - MAIN ENTRY--PERSONAL NAME |
| Personal name |
Bayly, C A (Ed.) |
| 245 #3 - TITLE STATEMENT |
| Title |
An illustratewd History of Modern India 1600 - 1947 |
| 260 ## - PUBLICATION, DISTRIBUTION, ETC. |
| Place of publication, distribution, etc. |
Bombay |
| Name of publisher, distributor, etc. |
Pearson |
| 300 ## - PHYSICAL DESCRIPTION |
| Extent |
431 |
| 942 ## - ADDED ENTRY ELEMENTS (KOHA) |
| Koha item type |
Books |